000 00413nmm a2200145Ia 4500
008 251105s9999||||xx |||||||||||||||||und||
041 _aspa
100 _aIribertegui, Idoia
245 0 _aLolita Butterfly es lo más
264 _a[Madrid, España] :
_bEdiciones B,
_c2011
300 _a136 páginas
650 _aAges 9-12 Years Old
856 _uhttps://public.digitaliapublishing.com/a/53337
942 _cCF
999 _c104378
_d104378